=LDR 00000nam 2200000 4500 =001 INLIS000000000030578 =005 20130612132718 =008 ***********************************Ind** =035 ##$$0010-061300000030578 =041 ##$$a Ind =082 ##$$a 492.7 =090 ##$$a 492.7, Mai m =100 ##$$a Ma'arif, Syamsul =245 ##$$a Nahwu kilat, panduan antara teori dan praktek, Syamsul Ma'arif =260 ##$$a 2008 $b Bandung =300 ##$$a 312 hlm, 21 cm =850 ##$$a NBPNMAT =990 ##$$a 0604/PN/2014 =990 ##$$a 21400613/BPAP-NTB/20142014 =990 ##$$a 0001/BPAP-NTB/2015 =990 ##$$a 69046904 =990 ##$$a 01201806904 =990 ##$$a 0604/PN/2014 =990 ##$$a 21400613/BPAP-NTB/20142014 =990 ##$$a 0001/BPAP-NTB/2015